| 000 | 01073nam a2200253 a 4500 | ||
|---|---|---|---|
| 008 | 030325s2003 nyu gr 000 1deng | ||
| 020 | _a0786868716 | ||
| 020 | _a9781401308582 | ||
| 020 | _a140138589 | ||
| 040 |
_aCO-JMCR _bspa _cCO-JMCR _dCO-JMCR _erda |
||
| 041 | 0 | _aeng | |
| 082 | 0 | 4 |
_aA-N _bALBf _223 |
| 100 | 1 |
_aAlbom, Mitch, _d1958- _944011 |
|
| 245 | 1 | 4 |
_aThe five people you meet in heaven / _cMitch Albom. |
| 260 | 3 |
_aNew York : _bHyperion, _c©2003. |
|
| 300 |
_a196 páginas ; _c19 cm. |
||
| 520 | 3 | _aThis is the fable you will devour when you fall in love. This is the tale you will keep by your side when you are lost. This is the story you will turn to again and gain, because it possesses the are magic to let you see yourself and the world anew. This book is agift to the saoul. | |
| 650 | 2 | 4 |
_vNovela. _944012 |
| 650 | 2 | 4 |
_vNovela. _944013 |
| 650 | 2 | 4 | _943565 |
| 650 | 2 | 4 |
_vNovela. _944014 |
| 999 |
_c30925 _d17309 |
||